Entrada Nombre geográfico
Número de registros utilizados en: 1
001 - NÚMERO DE CONTROL
003 - IDENTIFICADOR DEL NÚMERO DE CONTROL
- campo de control:
DR-UNIBE
005 - FECHA Y HORA DE LA ÚLTIMA TRANSACCIÓN
- campo de control:
20250421142736.0
008 - DATOS DE LONGITUD FIJA
- campo de control de longitud fija:
250421|| aca||aabn | a|a d
040 ## - FUENTE DE LA CATALOGACIÓN
- Centro catalogador/agencia de origen:
DR-UNIBE
- Centro/agencia transcriptor:
DR-UNIBE
151 ## - ENCABEZAMIENTO--NOMBRE GEOGRÁFICO
- Nombre geográfico:
República Dominicana
- Subdivisión general:
Ocupación norteamericana
- Subdivisión cronológica:
1916-1924
670 ## - FUENTE DE DATOS ENCONTRADOS
- Cita de la fuente:
Work cat.: (DR-UNIBE)107340: Lugo, Américo, 1870-1952 autor 65945, Figuras americanas y otros temas. Informes y defensas / , 2020